000
00264nam a2200109Ia 4500
008
200302s9999 xx 000 0 und d
100
_a
Kevin Lynch & Gary Hack
245
_a
Site Planning 3rd ed. (71)
260
_b
The Mit Press
260
_c
1984
300
_a
499 P.,
999
_c
2795
_d
2795